Desarrollo de un aerogenerador para su aplicación en agricultura protegida / (Record no. 219820)
[ view plain ]
| 000 -CABECERA | |
|---|---|
| campo de control de longitud fija | 03207nam a22002777a 4500 |
| 003 - IDENTIFICADOR DEL NÚMERO DE CONTROL | |
| campo de control | OSt |
| 005 - FECHA Y HORA DE LA ÚLTIMA TRANSACCIÓN | |
| campo de control | 20240904113913.0 |
| 007 - CAMPO FIJO DE DESCRIPCIÓN FÍSICA--INFORMACIÓN GENERAL | |
| campo de control de longitud fija | cr ||||||a|c|a |
| 008 - DATOS DE LONGITUD FIJA--INFORMACIÓN GENERAL | |
| campo de control de longitud fija | 240319s2019 mx ||||fom||| 001 0 spa d |
| 040 ## - FUENTE DE LA CATALOGACIÓN | |
| Normas de descripción | rda |
| 100 1# - ENTRADA PRINCIPAL--NOMBRE DE PERSONA | |
| 9 (RLIN) | 2710 |
| Nombre de persona | Aguilar García, Jorge |
| 245 1# - MENCIÓN DE TÍTULO | |
| Título | Desarrollo de un aerogenerador para su aplicación en agricultura protegida / |
| Mención de responsabilidad, etc. | por Jorge Aguilar García; director Oscar Luis Palacios Vélez |
| 264 #1 - PRODUCCIÓN, PUBLICACIÓN, DISTRIBUCIÓN, FABRICACIÓN Y COPYRIGHT | |
| Producción, publicación, distribución, fabricación y copyright | Montecillo, México : |
| Nombre del de productor, editor, distribuidor, fabricante | Colegio De Postgraduados, |
| Fecha de producción, publicación, distribución, fabricación o copyright | 2019 |
| 300 ## - DESCRIPCIÓN FÍSICA | |
| Extensión | 1 recurso en línea (143 páginas). |
| Otras características físicas | Figuras, tablas |
| 336 ## - TIPO DE CONTENIDO | |
| Fuente | rdacontent |
| Término de tipo de contenido | texto |
| Código de tipo de contenido | txt |
| 337 ## - TIPO DE MEDIO | |
| Fuente | rdamedia |
| Nombre/término del tipo de medio | computadora |
| Código del tipo de medio | c |
| 338 ## - TIPO DE SOPORTE | |
| Fuente | rdacarrier |
| Nombre/término del tipo de soporte | recurso en línea |
| Código del tipo de soporte | cr |
| 502 ## - NOTA DE TESIS | |
| Información miscelánea | Maestría |
| 504 ## - NOTA DE BIBLIOGRAFÍA, ETC. | |
| Nota de bibliografía, etc. | Incluye referencias bibliográficas: páginas 109-112 |
| 520 ## - SUMARIO, ETC. | |
| Sumario, etc. | La agricultura protegida y periurbana, han tenido un crecimiento en los últimos años, lo que se ha reflejado en un aumento en la demanda energética. La mayor parte de la energía utilizada es de tipo eléctrica y actualmente, esta se obtiene de la explotación de recursos fósiles, que además de ser finitos, contribuyen al calentamiento global. Una alternativa de solución, son las energías renovables dentro de las cuales la energía eólica ha tenido gran desarrollo a nivel mundial. El objetivo de este proyecto ha sido desarrollar un prototipo de turbina eólica de 100 cm de diámetro, dados los recursos disponibles, que permita aprovechar la energía del viento y transformarla en energía eléctrica, para ser utilizada para actividades referentes a este sector de la agricultura. Para ello se seleccionó un álabe con torsión y cuya sección transversal corresponde al NACA4412 (García y Hernández, 2009); se fabricó con una impresora 3D tipo delta y se replicó en resina PP250 reforzada con fibra de vidrio. Se desarrollaron el buje, cono frontal y elementos de sujeción necesarios para su ensamble y finalmente se construyó. Paralelamente, se caracterizó el recurso eólico en la estación meteorológica del Colegio de Postgraduados, Campus Montecillo a una altura de 15 metros sobre el nivel del suelo, altura a la que se proponía colocar la turbina obtenida. Por problemas técnicos, la caracterización de viento se realizó únicamente para el periodo de marzo a julio de 2018. Finalmente, con los valores de velocidad de viento obtenidos se estimó la densidad de potencia del lugar, que según la clasificación de Li (2016) es “pobre”. De acuerdo con los cálculos, la energía que pudiera extraer la turbina alcanzaría a cubrir el 2.5% de las necesidades de un hogar de “clase media” o el 37% de un invernadero “típico” de agricultura periurbana y que para aumentar ese porcentaje energético se tendría que desarrollar una turbina de mayor tamaño y a mayor altura de ubicación, siguiendo la misma metodología aquí descrita. |
| 650 #4 - PUNTO DE ACCESO ADICIONAL DE MATERIA--TÉRMINO DE MATERIA | |
| 9 (RLIN) | 186512 |
| Término de materia o nombre geográfico como elemento de entrada | Agricultura sustentable |
| Subdivisión general | Innovaciones tecnológicas |
| 650 #4 - PUNTO DE ACCESO ADICIONAL DE MATERIA--TÉRMINO DE MATERIA | |
| 9 (RLIN) | 133537 |
| Término de materia o nombre geográfico como elemento de entrada | Energía eólica |
| Subdivisión general | Aprovechamiento |
| 700 1# - PUNTO DE ACCESO ADICIONAL--NOMBRE DE PERSONA | |
| 9 (RLIN) | 84852 |
| Nombre de persona | Palacios Vélez, Oscar Luis |
| Término indicativo de función/relación | Director |
| 856 ## - LOCALIZACIÓN Y ACCESO ELECTRÓNICOS | |
| Identificador Uniforme del Recurso | http://10.13.5.2/tesis/tm/AGUILAR_GARCÍA_JORGE.pdf |
| Nota pública | DESCARGAR PDF |
| 942 ## - ELEMENTOS DE PUNTO DE ACCESO ADICIONAL (KOHA) | |
| Fuente del sistema de clasificación o colocación | Clasificación Universidad Autónoma Chapingo |
| Tipo de ítem Koha | Tesis digital |
| Estado de retiro | Estado de pérdida | Fuente del sistema de clasificación o colocación | Estado dañado | Restricciones de uso | No para préstamo | Código de colección | Localización permanente | Ubicación/localización actual | Ubicación en estantería | Fecha de adquisición | Total de préstamos | Signatura topográfica completa | Fecha visto por última vez | Precio válido a partir de | Tipo de ítem Koha |
|---|---|---|---|---|---|---|---|---|---|---|---|---|---|---|---|
| Clasificación Universidad Autónoma de Chapingo | Préstamo interno | Tesis digitales de Maestría | Biblioteca Digital | Biblioteca Digital | En línea | 19/03/2024 | Tesis digital | 19/03/2024 | 19/03/2024 | Tesis digital |
